000 00364 a2200157 4500
001 69160
020 _a8515019116
040 _cAnchieta - Itaigara
100 _aAlves, Rubem
240 1 0 _aO gato que gostava de cenoura
_lpor
245 1 0 _aO gato que gostava de cenoura
300 _a18
362 0 _a2001
650 4 _aLiteratura infanto-juvenil
942 _cBK
999 _c69160
_d69160